Annual report of the Railroad Commission of Texas, Oil and Gas Division : to the Governor.

Bibliographic Details
Corporate Author: Railroad Commission of Texas. Oil and Gas Division
Format: Government Document Serial
Language:English
Published: [Austin, Tex.] : The Division.
Subjects:

MARC

Tag First Indicator Second Indicator Subfields
LEADER 00000cas a2200000 a 4500
001 in00001066521
005 20150929095314.0
008 750312c19uu9999txuar s0uuu 0engmd
035 |a (OCoLC)01212993 
035 |9 AFN4309AM 
040 |c UDI  |d m/c  |d IKM  |d UtOrBLW 
049 |a IKMD 
050 0 0 |a HD9567.T3  |b A3 
086 |a R553.3 An78  |2 txdocs 
092 |a 338.2  |b T 
099 9 |a R553.3  |a An78 
110 2 |a Railroad Commission of Texas.  |b Oil and Gas Division. 
245 1 0 |a Annual report of the Railroad Commission of Texas, Oil and Gas Division :  |b to the Governor. 
246 3 0 |a Annual report of the Oil and Gas Division  |f 1942-1984 
246 3 0 |a Annual report  |f 1985- 
246 1 8 |a Oil & gas annual  |f 1950-1967 
246 1 8 |a Oil & gas annual report  |f 1968-1975 
246 1 8 |a Oil and gas annual report  |f 1976- 
264 1 |a [Austin, Tex.] :  |b The Division. 
300 |a volumes :  |b illustrations ;  |c 23-28 cm. 
310 |a Annual  |b 1947- 
321 |a Annual  |b 19 -1942 
321 |a Biennial  |b 1943-1946 
336 |a text  |b txt  |2 rdacontent 
337 |a unmediated  |b n  |2 rdamedia 
338 |a volume  |b nc  |2 rdacarrier 
500 |a Description based on: 1939. 
500 |a Issues for 1942-1984 have title: Annual report of the Oil and Gas Division. 
500 |a Issues for 1985- have title: Annual report. 
500 |a Volumes for 1976- : 28 cm. 
610 2 0 |a Railroad Commission of Texas.  |b Oil and Gas Division  |x Periodicals. 
999 |a MARS 
999 f f |s 5adc2586-5108-3680-bc90-9762848ed1cb  |i 3e90501c-1afe-3ee2-8e45-12bb97d399c7  |t 0 
952 f f |p normal  |a Texas A&M University  |b College Station  |c Sterling C. Evans Library  |d Evans: Texas Documents (Annex 5th floor)  |t 0  |e R553.3 An78  |h Superintendent of Documents classification  |i unmediated -- volume  |k 2009:v.1  |m AM1480003259 
952 f f |p normal  |a Texas A&M University  |b College Station  |c Sterling C. Evans Library  |d Evans: Texas Documents (Annex 5th floor)  |t 0  |e R553.3 An78  |h Superintendent of Documents classification  |i unmediated -- volume  |k 2008:v.2  |m A14837791948 
952 f f |p normal  |a Texas A&M University  |b College Station  |c Sterling C. Evans Library  |d Evans: Texas Documents (Annex 5th floor)  |t 0  |e R553.3 An78  |h Superintendent of Documents classification  |i unmediated -- volume  |k 2008:v.1  |m A14838637040 
952 f f |p normal  |a Texas A&M University  |b College Station  |c Sterling C. Evans Library  |d Evans: Texas Documents (Annex 5th floor)  |t 0  |e R553.3 An78  |h Superintendent of Documents classification  |i unmediated -- volume  |k 2009:v.2  |m AM1480003297 
952 f f |a Texas A&M University  |b College Station  |c Sterling C. Evans Library  |d Halbouty Reading Rm (Halbouty Bldg 173) (Does not check out)  |t 0  |e 338.2 T  |h Dewey Decimal classification 
998 f f |a R553.3 An78  |s 2008-2009  |t 0  |l Evans: Texas Documents (Annex 5th floor) 
998 f f |a 338.2 T  |s 1969  |t 0  |l Halbouty Reading Rm (Halbouty Bldg 173) (Does not check out)